[Event "NOR-chB"]
[Site "Moss"]
[Date "2006.07.14"]
[Round "8"]
[White "Belstad, Bjoern E"]
[Black "Lund, Johnny"]
[Result "0-1"]
[WhiteElo "1361"]
[BlackElo "1456"]
[PlyCount "62"]
[EventDate "2006.07.08"]
[EventType "swiss"]
[EventRounds "9"]
[EventCountry "NOR"]
[SourceTitle "EXT 2007"]
[Source "ChessBase"]
[SourceDate "2006.11.23"]
[SourceVersion "1"]
[SourceVersionDate "2006.11.23"]
[SourceQuality "1"]

1. e4 d6 2. d4 Nf6 3. Nc3 g6 4. g3 Bg7 5. Bg2 0-0 6. Nge2 c6 7. 0-0 Qc7 8. Bg5 Nbd7 9. Qd2 a6 10. a4 Re8 11. Rad1 Nb6 12. b3 Nbd7 13. h3 b6 14. f4 h6 15. Bxf6 Nxf6 16. e5 Nh7 17. g4 e6 18. Ne4 d5 19. Nd6 Rd8 20. Ng3 Bf8 21. Nxc8 Raxc8 22. f5 c5 23. fxg6 fxg6 24. Qd3 Kg7 25. Nh5+ gxh5 26. gxh5 Rd7 27. Qg6+ Kh8 28. Qxe6 Ng5 29. Rxf8+ Rxf8 30. Qxh6+ Nh7 31. Bxd5 Rxd5 0-1

[Event "NOR-chB"]
[Site "Moss"]
[Date "2006.07.11"]
[Round "5"]
[White "Lund, Johnny"]
[Black "Jordet, Rune"]
[Result "1-0"]
[WhiteElo "1456"]
[BlackElo "1441"]
[PlyCount "91"]
[EventDate "2006.07.08"]
[EventType "swiss"]
[EventRounds "9"]
[EventCountry "NOR"]
[SourceTitle "EXT 2007"]
[Source "ChessBase"]
[SourceDate "2006.11.23"]
[SourceVersion "1"]
[SourceVersionDate "2006.11.23"]
[SourceQuality "1"]

1. e4 e5 2. Nf3 Nc6 3. Bb5 a6 4. Ba4 b5 5. Bb3 Bc5 6. c3 d6 7. d4 exd4 8. cxd4 Bb4+ 9. Nc3 h6 10. Bd5 Nge7 11. Bb3 Bg4 12. Be3 0-0 13. 0-0 Kh8 14. h3 Bh5 15. Bc2 Bg6 16. Nh4 Bh7 17. Qg4 Ng6 18. Nxg6+ Bxg6 19. f4 Bxc3 20. bxc3 Bh7 21. f5 f6 22. Rf3 Qe7 23. Qf4 Na5 24. g4 Nc4 25. Bf2 c5 26. h4 Rac8 27. Bb3 Rfe8 28. Re1 Red8 29. Rg3 Kg8 30. g5 Rd7 31. gxh6 Qf8 32. Kh2 Kh8 33. hxg7+ Rxg7 34. Rxg7 Kxg7 35. h5 Qe7 36. Bxc4 bxc4 37. e5 fxe5 38. dxe5 dxe5 39. h6+ Kf8 40. Rxe5 Qc7 41. Bxc5+ Kf7 42. Re7+ Qxe7 43. Bxe7 Kxe7 44. Qe5+ Kf8 45. Qh8+ Ke7 46. Qxc8 1-0

[Event "Oslo Tiger Cup"]
[Site "Oslo"]
[Date "2005.03.21"]
[Round "3"]
[White "Neukamm, Christian"]
[Black "Lund, Johnny"]
[Result "1-0"]
[WhiteElo "1584"]
[BlackElo "1445"]
[PlyCount "68"]
[EventDate "2005.03.19"]
[EventType "swiss"]
[EventRounds "5"]
[EventCountry "NOR"]
[SourceTitle "EXT 2007"]
[Source "ChessBase"]
[SourceDate "2006.11.23"]
[SourceVersion "1"]
[SourceVersionDate "2006.11.23"]
[SourceQuality "1"]

1. e4 e6 2. d4 d5 3. Nc3 Nf6 4. e5 Nfd7 5. f4 c5 6. Nf3 Nc6 7. Be3 cxd4 8. Nxd4 a6 9. Nb3 Be7 10. a3 0-0 11. Bd3 f5 12. Qh5 b5 13. 0-0 Nb6 14. Ne2 Bd7 15. Rae1 Nc4 16. Bc1 Qb6+ 17. Kh1 a5 18. c3 b4 19. Nbd4 bxa3 20. bxa3 Nxa3 21. g4 Nxd4 22. Nxd4 g6 23. Qh3 Nc4 24. gxf5 exf5 25. e6 Bc6 26. Rg1 Nd6 27. Ba3 Ne4 28. Bxe4 Bxa3 29. Bxf5 Rf6 30. e7 Re8 31. Be6+ Kh8 32. f5 Rxe7 33. fxg6 Rg7 34. gxh7 Rfg6 1-0

[Event "Oslo Tiger Cup"]
[Site "Oslo"]
[Date "2005.03.20"]
[Round "2"]
[White "Lund, Johnny"]
[Black "Lilleoren, David"]
[Result "1/2-1/2"]
[WhiteElo "1445"]
[BlackElo "1792"]
[PlyCount "48"]
[EventDate "2005.03.19"]
[EventType "swiss"]
[EventRounds "5"]
[EventCountry "NOR"]
[SourceTitle "EXT 2007"]
[Source "ChessBase"]
[SourceDate "2006.11.23"]
[SourceVersion "1"]
[SourceVersionDate "2006.11.23"]
[SourceQuality "1"]

1. d4 Nf6 2. c4 c5 3. d5 b5 4. cxb5 a6 5. b6 Qxb6 6. Nc3 g6 7. e4 d6 8. Nf3 Nbd7 9. Be2 Bg7 10. 0-0 0-0 11. Kh1 a5 12. Rb1 Ba6 13. h3 Rfb8 14. Be3 Bxe2 15. Qxe2 a4 16. b4 axb3 17. Rxb3 Qa5 18. Rfb1 Rxb3 19. Rxb3 Nb6 20. Nd2 Nfd7 21. Ndb1 Qa6 22. Qc2 Nc4 23. Bc1 Ndb6 24. Rb5 Na4 1/2-1/2